| 000 | 00496nam a2200169 i 4500 | ||
|---|---|---|---|
| 001 | 73526 | ||
| 003 | ES-MaACL | ||
| 005 | 20230906171837.0 | ||
| 007 | t| | ||
| 008 | 040908s1933 sp ||||1| spa d | ||
| 100 | 1 |
_aGómez Izquierdo, Antonio. _957993 |
|
| 245 | 1 | 0 |
_aPasteur _b: (notas para una biografía) / _cGómez Izquierdo. |
| 260 |
_aMadrid : _b[s.n.], _c1933 ( _fImp. García y García) |
||
| 300 |
_a44 p. ; _c16 cm. |
||
| 600 | 0 | 4 |
_aPasteur, Louis. _989467 |
| 852 |
_aES-MaACL _j1784-F-16 |
||
| 999 |
_c73526 _d73526 |
||